[Event "French Robin #1"]
[Site "SchemingMind.com"]
[Date "2012.12.03"]
[Round "-"]
[White "kenneth m day"]
[Black "Holty"]
[Result "1-0"]
[WhiteCountry "USA"]
[BlackCountry "ENG"]
[WhiteElo "1752"]
[WhiteRD "52"]
[BlackElo "1682"]
[BlackRD "55"]
[GameID "322437"]

1. e4 e6 2. d4 d5 3. Nc3 Bb4 4. e5 c5 5. Qg4 Ne7 6. dxc5 Nbc6 7. Bd2 O-O 8. O-O-O Bxc3 9. Bxc3 Ng6 10. Nf3 a5
11. h4 Qc7 12. Bd3 Ncxe5 13. Nxe5 Nxe5 14. Qg3 Nxd3+ 15. Rxd3 Qxg3 16. Rxg3 f6 17. a3 Rd8 18. Bxf6 Rd7 19. Be5 Rf7 20. f4 Bd7
21. Rd1 Rc8 22. b4 axb4 23. axb4 Ba4 24. Rdd3 Rd8 25. Ra3 Ra8 26. Kd2 Kf8 27. Ra1 Rd7 28. Rga3 Kf7 29. Rxa4 Rad8 30. Bd6 Rxd6
31. cxd6 Rxd6 32. Ra7 Rd7 33. R1a5 Kf6 34. Rb5 e5 35. fxe5+ Kxe5 36. Rbxb7
1-0

[Event "French Robin #1"]
[Site "SchemingMind.com"]
[Date "2012.12.04"]
[Round "-"]
[White "Holty"]
[Black "kenneth m day"]
[Result "0-1"]
[WhiteCountry "ENG"]
[BlackCountry "USA"]
[WhiteElo "1675"]
[WhiteRD "55"]
[BlackElo "1794"]
[BlackRD "51"]
[GameID "322438"]

1. e4 e6 2. d4 d5 3. e5 c5 4. c3 Nc6 5. Nf3 Qb6 6. Bd3 cxd4 7. cxd4 Bd7 8. O-O Nxd4 9. Nxd4 Qxd4 10. Nc3 a6
11. Re1 Ne7 12. Bc2 Nc6 13. Ne2 Qxd1 14. Rxd1 Nxe5 15. Bf4 Bd6 16. a3 O-O 17. b3 Rac8 18. Nd4 f6 19. b4 Rc4 20. Bb3 Rc3
21. Rab1 Rfc8 22. Ne2 R3c7 23. h3 Bb5 24. Nd4 Bd7 25. Be3 Nc4 26. Bxc4 Rxc4 27. Re1 e5 28. Nb3 d4 29. Bd2 Rc2 30. Red1 Bf5
31. Rbc1 Rxc1 32. Rxc1 Rxc1+ 33. Nxc1 Kf7 34. Ne2 Ke6 35. f4 Kd5 36. Kf2 e4 37. Bc1 Kc4 38. g4 Bd7 39. Ng3 Kd3 40. Ke1 e3
41. Ne2 Bc6 42. Bb2 Bg2 43. h4 Bf3 44. Nxd4 Bxg4
0-1

[Event "French Robin #1"]
[Site "SchemingMind.com"]
[Date "2012.12.04"]
[Round "-"]
[White "Iucounu"]
[Black "kenneth m day"]
[Result "0-1"]
[WhiteCountry "ENG"]
[BlackCountry "USA"]
[WhiteElo "1409"]
[WhiteRD "52"]
[BlackElo "1765"]
[BlackRD "52"]
[GameID "322475"]

1. e4 e6 2. d4 d5 3. Nc3 Nf6 4. Bg5 Be7 5. e5 Nfd7 6. Bxe7 Qxe7 7. f4 a6 8. Nf3 c5 9. Qe2 Nc6 10. O-O-O b5
11. a3 O-O 12. Kb1 Nb6 13. dxc5 Qxc5 14. g3 Nc4 15. Bg2 Nxa3+ 16. bxa3 Qxc3 17. Qd3 Qc5 18. Ka2 b4 19. Qb3 bxa3 20. Qxa3 Qxc2+
21. Qb2 Qa4+ 22. Kb1 Rb8
0-1

[Event "French Robin #1"]
[Site "SchemingMind.com"]
[Date "2012.12.08"]
[Round "-"]
[White "Iucounu"]
[Black "Holty"]
[Result "0-1"]
[WhiteCountry "ENG"]
[BlackCountry "ENG"]
[WhiteElo "1400"]
[WhiteRD "52"]
[BlackElo "1669"]
[BlackRD "57"]
[GameID "322476"]

1. e4 e6 2. d4 d5 3. Nc3 Bb4 4. e5 c5 5. a3 Bxc3+ 6. bxc3 Ne7 7. Qg4 g6 8. Bb5+ Bd7 9. a4 Bxb5 10. axb5 Nd7
11. Be3 Qc7 12. Qe2 Nf5 13. Nf3 c4 14. O-O h6 15. Rfb1 O-O 16. Bd2 Kg7 17. h3 b6 18. g4 Ne7 19. Qe3 Rh8 20. Kg2 f6
21. exf6+ Nxf6 22. Qe5 Qxe5 23. Nxe5 Rhf8 24. f3 Rfd8 25. f4 Rdc8 26. Kg3 Ne4+ 27. Kg2 Nxd2 28. Rd1 Ne4 29. Ra3 g5 30. Rf1 Rf8
31. Nc6 Nxc6 32. bxc6 a5 33. f5 Kf6 34. fxe6+ Kxe6
0-1

[Event "French Robin #1"]
[Site "SchemingMind.com"]
[Date "2012.12.08"]
[Round "-"]
[White "kenneth m day"]
[Black "Iucounu"]
[Result "1-0"]
[WhiteCountry "USA"]
[BlackCountry "ENG"]
[WhiteElo "1770"]
[WhiteRD "51"]
[BlackElo "1400"]
[BlackRD "52"]
[GameID "322477"]

1. e4 e6 2. d4 d5 3. Nd2 Nf6 4. e5 Nfd7 5. Bd3 c5 6. c3 Nc6 7. Ne2 Qb6 8. Nf3 cxd4 9. cxd4 Bb4+ 10. Bd2 h6
11. a3 Bxd2+ 12. Qxd2 O-O 13. O-O a6 14. b4 Qd8 15. Rac1 b5 16. Rxc6 Bb7 17. Rd6 Qe7 18. Rc1 Rfc8 19. Rc2 Rxc2 20. Qxc2 Rc8
21. Qb1 f6 22. h3 Rc6 23. Rxc6 Bxc6 24. Bh7+ Kf8 25. Nf4 Ke8 26. Ng6 Qd8 27. Nf4 f5 28. Nxe6 Qe7 29. Bg6+
1-0

[Event "French Robin #1"]
[Site "SchemingMind.com"]
[Date "2012.12.08"]
[Round "-"]
[White "Holty"]
[Black "Iucounu"]
[Result "1-0"]
[WhiteCountry "ENG"]
[BlackCountry "ENG"]
[WhiteElo "1632"]
[WhiteRD "54"]
[BlackElo "1385"]
[BlackRD "52"]
[GameID "322478"]

1. e4 e6 2. d4 d5 3. e5 c5 4. c3 Nc6 5. Nf3 Qb6 6. Be2 cxd4 7. cxd4 Nge7 8. b3 Nf5 9. Bb2 Bb4+ 10. Kf1 O-O
11. a3 Be7 12. b4 f6 13. Qd3 fxe5 14. dxe5 Nh4 15. Nbd2 Nxf3 16. Nxf3 a5 17. b5 Na7 18. a4 Bd7 19. Ba3 Bxa3 20. Qxa3 Rac8
21. g3 Be8 22. Kg2 Qc5 23. Qxc5 Rxc5 24. Nd4 Bd7 25. Nb3 Rc2 26. Nd4 Rd2 27. Rhd1 Rxd1 28. Rxd1 Rc8 29. f4 b6 30. Bg4 Kf7
31. f5 Re8 32. Rf1 exf5 33. e6+ Bxe6 34. Bxf5 Bxf5 35. Rxf5+ Kg6 36. Rxd5 Nc8 37. h4 h6 38. g4 Kh7 39. Rd7 Kg6 40. Nf5 Rg8
41. Ne7+ Nxe7 42. Rxe7 Rb8 43. Re6+ Kf7 44. Rc6 Rb7 45. Kf3 Ke7 46. Kf4 Kf7 47. h5 Ke7 48. Kf5 Kf7 49. g5 hxg5 50. Kxg5 Kg8
51. Kg6 Rb8 52. Rc7 Kh8 53. Rxg7 Rg8 54. Rxg8+ Kxg8 55. Kf6
1-0

[Event "French Robin #1"]
[Site "SchemingMind.com"]
[Date "2012.12.05"]
[Round "-"]
[White "Clive Everill"]
[Black "kenneth m day"]
[Result "0-1"]
[WhiteCountry "CZE"]
[BlackCountry "USA"]
[WhiteElo "1710"]
[WhiteRD "48"]
[BlackElo "1794"]
[BlackRD "51"]
[GameID "322598"]

1. e4 e6 2. d4 d5 3. e5 c5 4. Qg4 cxd4 5. Nf3 Nc6 6. Bd3 Qc7 7. Qg3 f6 8. exf6 Qxg3 9. f7+ Kxf7 10. hxg3 e5
11. Bb5 Bd6 12. Nbd2 Nf6 13. Nb3 Nb4 14. Kd1 Ne4 15. Rf1 Bg4 16. Be2 Rac8 17. Ne1 Bxe2+ 18. Kxe2 Nxc2 19. Nxc2 Rxc2+ 20. Kf3 Rf8
21. Kg4 Kg6 22. f3 Rxg2 23. Bd2 Rxg3+ 24. Kh4 Be7+
0-1

[Event "French Robin #1"]
[Site "SchemingMind.com"]
[Date "2012.12.05"]
[Round "-"]
[White "Clive Everill"]
[Black "Holty"]
[Result "1-0"]
[WhiteCountry "CZE"]
[BlackCountry "ENG"]
[WhiteElo "1700"]
[WhiteRD "49"]
[BlackElo "1682"]
[BlackRD "55"]
[GameID "322599"]

1. e4 e6 2. d4 d5 3. Nd2 Nf6 4. e5 Nfd7 5. c3 c5 6. Bd3 cxd4 7. cxd4 Nc6 8. Ngf3 f6 9. exf6 Nxf6 10. O-O Bd6
11. Re1 h6 12. Bg6+ Kf8 13. Ne5 Nxd4 14. Nf7 Bxh2+ 15. Kxh2 Qc7+ 16. g3 Rg8 17. Nf3 Ng4+ 18. Kg2 Nc2 19. Bf4 Nxe1+ 20. Qxe1 Qb6
21. Bd6+ Ke8 22. Nxh6+ Kd7 23. Nxg8 Kxd6 24. Bh5 Nf6 25. Qe5+ Kd7 26. Nxf6+ gxf6 27. Qxf6 Qd6 28. Ne5+ Kc7 29. Rc1+ Kb8 30. Qh8
1-0

[Event "French Robin #1"]
[Site "SchemingMind.com"]
[Date "2012.12.09"]
[Round "-"]
[White "Clive Everill"]
[Black "Iucounu"]
[Result "1-0"]
[WhiteCountry "CZE"]
[BlackCountry "ENG"]
[WhiteElo "1723"]
[WhiteRD "50"]
[BlackElo "1409"]
[BlackRD "52"]
[GameID "322600"]

1. e4 e6 2. d4 d5 3. Nd2 Nf6 4. Bd3 c5 5. e5 Nfd7 6. c3 Nc6 7. Ngf3 Be7 8. O-O g5 9. dxc5 g4 10. Nd4 Ndxe5
11. Bb5 Bd7 12. b4 h5 13. Re1 a6 14. Ba4 Qc7 15. N2b3 O-O-O 16. Bf4 f6 17. Bxc6 Bxc6 18. Nxe6 Qd7 19. Nxd8 Kxd8 20. Bxe5 fxe5
21. Rxe5 Bf6 22. Re3 Ba4 23. Qb1 Re8 24. Rxe8+ Qxe8 25. Nd4 Bxd4 26. cxd4 Qe4 27. Qb2
1-0

[Event "French Robin #1"]
[Site "SchemingMind.com"]
[Date "2012.12.06"]
[Round "-"]
[White "Holty"]
[Black "Clive Everill"]
[Result "0-1"]
[WhiteCountry "ENG"]
[BlackCountry "CZE"]
[WhiteElo "1675"]
[WhiteRD "55"]
[BlackElo "1710"]
[BlackRD "48"]
[GameID "322602"]

1. e4 e6 2. d4 d5 3. e5 c5 4. dxc5 Nc6 5. Nf3 Bxc5 6. Bd3 f6 7. Qe2 fxe5 8. Nxe5 Nf6 9. Bb5 Qb6 10. Nc3 a6
11. Bxc6+ bxc6 12. O-O a5 13. Na4 Qb5 14. Qxb5 cxb5 15. Nxc5 O-O 16. b3 Ra7 17. Ned3 Ne8 18. Re1 Nc7 19. Be3 Ra8 20. Bf4 Ra7
21. Ne5 Rxf4 22. Nc6 Ra8 23. Ne7+ Kf7 24. Nd3 Rf6 25. Nc6 Bb7 26. Nde5+ Ke8 27. Nd4 Ba6 28. Rac1 Ke7 29. Ng4 Rf4 30. Ne5 Raf8
31. Ndc6+ Kd6 32. f3 a4 33. b4 Bb7 34. Na5 Ba8 35. a3 R8f5 36. Nd3 Rd4 37. Re2 g5 38. h3 h5 39. Rce1 Rf6 40. Re5 Rg6
41. g3 g4 42. hxg4 hxg4 43. f4 Re4 44. R5xe4 dxe4 45. Nc5 Bd5 46. Rd1 Ke7 47. Kf2 Rh6 48. c3 Rh2+ 49. Ke3 Rg2 50. Nxe4 Bxe4
51. Kxe4 Rxg3 52. Nc6+ Kf6 53. Ne5 Nd5 54. Kd4 Nxc3 55. Kc5 Nxd1 56. Kxb5 Rxa3 57. Nxg4+ Kf5
0-1

[Event "French Robin #1"]
[Site "SchemingMind.com"]
[Date "2012.12.10"]
[Round "-"]
[White "Iucounu"]
[Black "Clive Everill"]
[Result "0-1"]
[WhiteCountry "ENG"]
[BlackCountry "CZE"]
[WhiteElo "1385"]
[WhiteRD "52"]
[BlackElo "1736"]
[BlackRD "52"]
[GameID "322603"]

1. e4 e6 2. d4 d5 3. Nc3 Bb4 4. e5 c5 5. a3 Bxc3+ 6. bxc3 Qa5 7. Bd2 Qa4 8. Qg4 Kf8 9. Qd1 b6 10. Qb1 Ne7
11. Bb5 Qa5 12. c4 Qxd2+ 13. Kxd2 cxd4 14. Qb4 Bd7 15. Bxd7 Nxd7 16. Nf3 dxc4 17. Qxc4 Rc8 18. Qxd4 Rd8 19. Rhd1 g6 20. Ke1 Kg7
21. Qf4 Nd5 22. Qa4 Nc3 23. Rd4 Nxa4 24. Rxa4 a5 25. Rd4 Nc5 26. Rad1 Rxd4 27. Rxd4 Rc8 28. Rc4 b5 29. Rc3 Rc7 30. Nd4 b4
31. axb4 axb4 32. Rc4 f6 33. exf6+ Kxf6 34. Nb3 Na6 35. Rxc7 Nxc7 36. Ke2 Ke5 37. Nc5 Kd4 38. Nd7 h6 39. Nf8 g5 40. h3 Kc3
41. Kd1 e5 42. Nh7 Nb5 43. Nf6 Nd4 44. Ng8 h5 45. Nf6 h4 46. Ne4+ Kb2 47. Nxg5 Nxc2 48. Nf3 b3 49. Nxe5 Kc3 50. Nf3 b2
51. Nd2 Nd4 52. g3 Nf3 53. Nb1+ Kd3 54. gxh4 Nxh4 55. f4 Nf5 56. Nd2 Ne3+ 57. Ke1 Ng2+ 58. Kd1 Nxf4 59. h4 Nh5 60. Ke1 Kc2
61. Ke2 Ng3+ 62. Ke1 Ne4
0-1

[Event "French Robin #1"]
[Site "SchemingMind.com"]
[Date "2012.12.06"]
[Round "-"]
[White "jdyi87"]
[Black "Clive Everill"]
[Result "1-0"]
[WhiteCountry "KOR"]
[BlackCountry "CZE"]
[WhiteElo "1759"]
[WhiteRD "104"]
[BlackElo "1723"]
[BlackRD "50"]
[GameID "322623"]

1. e4 e6 2. d4 d5 3. e5 c5 4. c3 Qb6 5. Nf3 Nc6 6. a3 Nh6 7. b4 cxd4 8. cxd4 Nf5 9. Bb2 Bd7 10. g4 Nfe7
11. Nc3 h5 12. Na4 Qd8 13. Nc5 Rb8 14. g5 Ng6 15. Qd2 Be7 16. Bd3 Bc8 17. Bxg6 fxg6 18. Rg1 b6 19. Nd3 Rf8 20. Nh4 Kd7
21. Nxg6 Rf5 22. Nxe7 Qxe7 23. Rc1 Ba6 24. Nf4 g6 25. Nxg6 Qf7 26. Nh4 Rf4 27. Ng2 Re4+ 28. Ne3 Qg6 29. f3 Rh4 30. Rg3 Rf8
31. a4 Bb7 32. b5 Na5 33. Qb4 Rd8 34. Ba3 Qg7 35. Qd6+ Ke8 36. Qxe6+
1-0

[Event "French Robin #1"]
[Site "SchemingMind.com"]
[Date "2012.12.07"]
[Round "-"]
[White "jdyi87"]
[Black "kenneth m day"]
[Result "0-1"]
[WhiteCountry "KOR"]
[BlackCountry "USA"]
[WhiteElo "1753"]
[WhiteRD "101"]
[BlackElo "1770"]
[BlackRD "51"]
[GameID "322624"]

1. e4 e6 2. d4 d5 3. e5 c5 4. c3 Nc6 5. Nf3 Qb6 6. a3 Bd7 7. b4 cxd4 8. cxd4 Nge7 9. Nc3 Nf5 10. Na4 Qc7
11. Bb2 Be7 12. Rc1 Qd8 13. Nc5 b6 14. Na6 Rc8 15. Rc2 O-O 16. Bd3 f6 17. g4 Nh6 18. Bc1 Nxg4 19. Rg1 f5 20. h3 Nxd4
21. Nxd4 Nxe5 22. f4 Bh4+ 23. Ke2 Nxd3 24. Kxd3 Qf6 25. Rcg2 Rf7 26. Qh5 Rc4 27. Bb2 Qe7 28. Qh6 Bf6 29. b5 Bxd4 30. Bxd4 Qxa3+
31. Ke2 Rc2+
0-1

[Event "French Robin #1"]
[Site "SchemingMind.com"]
[Date "2012.12.06"]
[Round "-"]
[White "jdyi87"]
[Black "Holty"]
[Result "1-0"]
[WhiteCountry "KOR"]
[BlackCountry "ENG"]
[WhiteElo "1759"]
[WhiteRD "104"]
[BlackElo "1731"]
[BlackRD "56"]
[GameID "322625"]

1. e4 e6 2. d4 d5 3. e5 c5 4. c3 Nc6 5. Nf3 Qb6 6. a3 c4 7. Nbd2 Bd7 8. Be2 f6 9. O-O O-O-O 10. b3 cxb3
11. Nxb3 Na5 12. Nxa5 Qxa5 13. Bd2 Qc7 14. Rb1 Bxa3 15. Qb3 Bf8 16. Rfc1 h5 17. c4 Ne7 18. cxd5 Qxc1+ 19. Rxc1+ Kb8 20. Ba5 Rc8
21. Rxc8+ Nxc8 22. dxe6 Be8 23. Ba6 Nb6 24. Bxb6 bxa6 25. Bc5+ Ka8 26. Qd5+ Kb8 27. Qd8+ Kb7 28. Qxe8 a5 29. Bxf8
1-0

[Event "French Robin #1"]
[Site "SchemingMind.com"]
[Date "2012.12.09"]
[Round "-"]
[White "jdyi87"]
[Black "Iucounu"]
[Result "1-0"]
[WhiteCountry "KOR"]
[BlackCountry "ENG"]
[WhiteElo "1763"]
[WhiteRD "103"]
[BlackElo "1385"]
[BlackRD "52"]
[GameID "322626"]

1. e4 e6 2. d4 d5 3. e5 c5 4. c3 Qb6 5. Nf3 Nc6 6. a3 c4 7. Nbd2 Na5 8. Be2 Bd7 9. O-O Nb3 10. Nxb3 Qxb3
11. Qxb3 cxb3 12. c4 Bc6 13. cxd5 Bxd5 14. Bg5 Be7 15. Rac1 h6 16. Bxe7 Nxe7 17. Rc3 O-O 18. Rfc1 Rac8 19. Rxc8 Rxc8 20. Rxc8+ Nxc8
21. Nd2 a5 22. Nc4 b6 23. Ne3 Na7 24. Bc4 Bxc4 25. Nxc4 Nc8 26. f4 Ne7 27. Kf2 b5 28. Nxa5 Nc6 29. Nxc6 f6 30. Ke3 Kf7
31. Na7
1-0

[Event "French Robin #1"]
[Site "SchemingMind.com"]
[Date "2012.12.07"]
[Round "-"]
[White "Clive Everill"]
[Black "jdyi87"]
[Result "1-0"]
[WhiteCountry "CZE"]
[BlackCountry "KOR"]
[WhiteElo "1710"]
[WhiteRD "48"]
[BlackElo "1706"]
[BlackRD "132"]
[GameID "322627"]

1. e4 e6 2. d4 d5 3. Nd2 Be7 4. Ngf3 Nf6 5. e5 Nfd7 6. c4 c5 7. cxd5 exd5 8. Bd3 Nc6 9. O-O cxd4 10. Re1 Nc5
11. Bb1 Qb6 12. h3 O-O 13. Qc2 f6 14. Qxh7+ Kf7 15. exf6 Kxf6 16. Qg6#
1-0

[Event "French Robin #1"]
[Site "SchemingMind.com"]
[Date "2012.12.06"]
[Round "-"]
[White "kenneth m day"]
[Black "jdyi87"]
[Result "1-0"]
[WhiteCountry "USA"]
[BlackCountry "KOR"]
[WhiteElo "1765"]
[WhiteRD "52"]
[BlackElo "1759"]
[BlackRD "104"]
[GameID "322628"]

1. e4 e6 2. d4 d5 3. Nc3 Nf6 4. e5 Nfd7 5. f4 c5 6. Nf3 Nc6 7. Be3 a6 8. Qd2 cxd4 9. Nxd4 Bc5 10. O-O-O O-O
11. a3 b5 12. Nxc6 Bxe3 13. Qxe3 Qb6 14. Qxb6 Nxb6 15. Bd3 Bd7 16. Nd4 f6 17. Nf3 fxe5 18. Nxe5 Rxf4 19. Rhf1 Rxf1 20. Rxf1 Be8
21. Ne2 Nd7 22. Nxd7 Bxd7 23. Re1 Re8 24. Nf4 e5 25. Nxd5 Bc6 26. Be4 Rd8 27. Ne7+
1-0

[Event "French Robin #1"]
[Site "SchemingMind.com"]
[Date "2012.12.07"]
[Round "-"]
[White "Holty"]
[Black "jdyi87"]
[Result "0-1"]
[WhiteCountry "ENG"]
[BlackCountry "KOR"]
[WhiteElo "1675"]
[WhiteRD "55"]
[BlackElo "1706"]
[BlackRD "132"]
[GameID "322629"]

1. e4 e6 2. d4 d5 3. Nc3 Nf6 4. Bd3 c5 5. Nf3 cxd4 6. Nxd4 e5 7. Nf3 d4 8. Ne2 Nc6 9. c3 dxc3 10. Nxc3 a6
11. a3 h6 12. b4 Bg4 13. Bb2 Be7 14. h3 Bh5 15. g4 Bg6 16. Ne2 O-O 17. Nxe5 Nxe5 18. Bxe5 Bxe4 19. Bxe4 Nxe4 20. Bb2 Bh4
21. Rf1 Bxf2+ 22. Rxf2 Nxf2 23. Kxf2 Qh4+ 24. Kg2 Rfe8 25. Qd4 Rxe2+ 26. Kh1 Qxh3+
0-1

[Event "French Robin #1"]
[Site "SchemingMind.com"]
[Date "2012.12.10"]
[Round "-"]
[White "Iucounu"]
[Black "jdyi87"]
[Result "0-1"]
[WhiteCountry "ENG"]
[BlackCountry "KOR"]
[WhiteElo "1409"]
[WhiteRD "52"]
[BlackElo "1759"]
[BlackRD "104"]
[GameID "322630"]

1. e4 e6 2. d4 d5 3. Nc3 Nf6 4. Bg5 dxe4 5. Nxe4 Be7 6. Bxf6 Bxf6 7. Nf3 O-O 8. Nxf6+ Qxf6 9. c3 b6 10. Bd3 Bb7
0-1

[Event "French Robin #1"]
[Site "SchemingMind.com"]
[Date "2012.12.10"]
[Round "-"]
[White "cnile"]
[Black "Clive Everill"]
[Result "0-1"]
[WhiteCountry "SCO"]
[BlackCountry "CZE"]
[WhiteElo "1483"]
[WhiteRD "65"]
[BlackElo "1710"]
[BlackRD "48"]
[GameID "322813"]

1. e4 e6 2. d4 d5 3. Nd2 h6 4. Bd3 Nc6 5. c3 Nf6 6. Ngf3 Be7 7. e5 Nd7 8. h4 b6 9. h5 O-O 10. Nf1 a5
11. Be3 Na7 12. N1h2 c5 13. Ng4 c4 14. Bc2 b5 15. Bxh6 gxh6 16. Nxh6+ Kh8 17. Qd2 f5 18. Nxf5 exf5 19. Qh6+ Kg8 20. Qg6+ Kh8
21. Bxf5 Rxf5 22. Qxf5 Nf8 23. Qf7 Be6 24. Qf4 Nh7 25. g4 Ng5 26. h6 Nxf3+ 27. Qxf3 Qg8 28. h7 Qg6 29. a4 b4 30. Qf4 Bg5
31. Qg3 Qe4+ 32. Kf1 Qxh1+ 33. Ke2 Qxa1
0-1

[Event "French Robin #1"]
[Site "SchemingMind.com"]
[Date "2012.12.10"]
[Round "-"]
[White "cnile"]
[Black "kenneth m day"]
[Result "0-1"]
[WhiteCountry "SCO"]
[BlackCountry "USA"]
[WhiteElo "1483"]
[WhiteRD "65"]
[BlackElo "1794"]
[BlackRD "51"]
[GameID "322814"]

1. e4 e6 2. d4 d5 3. Nd2 Nf6 4. e5 Nfd7 5. Ne2 c5 6. c3 Nc6 7. Nf3 Be7 8. g3 Qb6 9. Qc2 cxd4 10. cxd4 O-O
11. Bg2 f6 12. exf6 Nxf6 13. O-O Bd7 14. Be3 Rac8 15. a3 Ne4 16. Rac1 Na5 17. Qd3 Bb5 18. Qd1 Nc4 19. Ne5 Nxb2 20. Qd2 Nxd2
0-1

[Event "French Robin #1"]
[Site "SchemingMind.com"]
[Date "2012.12.10"]
[Round "-"]
[White "cnile"]
[Black "Holty"]
[Result "1-0"]
[WhiteCountry "SCO"]
[BlackCountry "ENG"]
[WhiteElo "1483"]
[WhiteRD "65"]
[BlackElo "1675"]
[BlackRD "55"]
[GameID "322815"]

1. e4 e6 2. d4 d5 3. Nd2 Nf6 4. Bd3 c5 5. c3 c4 6. Bc2 b5 7. Ngf3 Bb7 8. Nf1 Nxe4 9. Bxe4 dxe4 10. Ne5 f6
11. Qh5+ g6 12. Nxg6 hxg6 13. Qxh8 Qe7 14. Ne3 Nd7 15. Qh3 O-O-O 16. a4 a6 17. axb5 axb5 18. Qh4 e5 19. d5 Nc5 20. Qg4+ Kb8
21. Qxg6 Nb3 22. Rb1 Bxd5 23. O-O Bf7 24. Qg4 Be6 25. Qxe4 Bh6 26. Qc6 Qd7 27. Qxd7 Rxd7 28. h3 Nxc1 29. Rbxc1 Rd2 30. Rb1 Kb7
31. Rfd1 Bxe3 32. fxe3 Rd3 33. Rxd3 cxd3 34. Kf2 e4 35. Kg3 Kc7 36. b3 Kd6 37. Kf4 Ke7 38. Kxe4 f5+ 39. Kxd3 Bd5 40. Kd4 Kd6
41. b4 Bxg2 42. h4 Bd5 43. Rf1 Be4 44. Rf4 Bb1 45. h5
1-0

[Event "French Robin #1"]
[Site "SchemingMind.com"]
[Date "2012.12.10"]
[Round "-"]
[White "cnile"]
[Black "Iucounu"]
[Result "1-0"]
[WhiteCountry "SCO"]
[BlackCountry "ENG"]
[WhiteElo "1516"]
[WhiteRD "65"]
[BlackElo "1400"]
[BlackRD "52"]
[GameID "322816"]

1. e4 e6 2. d4 d5 3. Nd2 Nf6 4. Bd3 c5 5. c3 cxd4 6. cxd4 dxe4 7. Nxe4 Nxe4 8. Bxe4 Nc6 9. Nf3 Be7 10. O-O O-O
11. Be3 Bf6 12. Rc1 Bd7 13. Re1 Ne7 14. Qd3 g6 15. Bh6 Bg7 16. Bxg7 Kxg7 17. Bxb7 Rb8 18. Qa6 Qb6 19. Qxb6 axb6 20. Be4 f6
21. Rc7 Rfd8 22. Rec1 f5 23. Bd3 Kf6 24. Ne5 Be8 25. R1c4 b5 26. R4c5 b4 27. g4 Rd5 28. gxf5 Rxc5 29. Rxc5 Nd5 30. fxg6 hxg6
31. Bxg6 Bxg6 32. Nd7+
1-0

[Event "French Robin #1"]
[Site "SchemingMind.com"]
[Date "2012.12.10"]
[Round "-"]
[White "cnile"]
[Black "jdyi87"]
[Result "1/2-1/2"]
[WhiteCountry "SCO"]
[BlackCountry "KOR"]
[WhiteElo "1516"]
[WhiteRD "66"]
[BlackElo "1759"]
[BlackRD "104"]
[GameID "322817"]

1. e4 e6 2. d4 d5 3. Nd2 Be7 4. Bd3 c5 5. c3 Nf6 6. Ngf3 cxd4 7. cxd4 O-O 8. O-O dxe4 9. Nxe4 Nc6 10. Be3 Qc7
11. Rc1 Nd5 12. Neg5 Bxg5 13. Nxg5 Nf6 14. Re1 Qe7 15. h3 h6 16. Nf3 g5 17. a3 Nh7 18. Qc2 f5 19. b4 a6 20. Bd2 Qf7
21. Bc4 g4 22. hxg4 fxg4 23. Ne5 Qxf2+ 24. Kh1 Qh4+ 25. Kg1 Qf2+ 26. Kh1 Qh4+ 27. Kg1 Qf2+
1/2-1/2

[Event "French Robin #1"]
[Site "SchemingMind.com"]
[Date "2012.12.10"]
[Round "-"]
[White "Clive Everill"]
[Black "cnile"]
[Result "1-0"]
[WhiteCountry "CZE"]
[BlackCountry "SCO"]
[WhiteElo "1710"]
[WhiteRD "48"]
[BlackElo "1483"]
[BlackRD "65"]
[GameID "322818"]

1. e4 e6 2. d4 d5 3. e5 c5 4. c3 Nc6 5. g3 Bd7 6. Nf3 Nge7 7. Bg5 Qb6 8. Qd2 cxd4 9. cxd4 Nf5 10. Be3 Bb4
11. Nc3 Bxc3 12. bxc3 Nxe3 13. fxe3 O-O 14. Bd3 Ne7 15. O-O Rfc8 16. Ng5 h6 17. Nxf7 Kf8 18. Nd6+ Kg8 19. Nxc8 Rxc8 20. Rab1 Qd8
21. Rxb7 a5 22. Rfb1 Be8 23. R1b6 Bf7 24. Qb2 Ng6 25. Rb8 Nf8 26. Rxc8 Qxc8 27. Ba6 Qc7 28. Rb7 Qc6 29. Bf1 Bg6 30. Rb8 Qa4
31. Qb6 Bf7 32. Qd8 Qa3 33. Ra8 Bg6 34. Rxa5 Qc1 35. Kf2 Qd2+ 36. Kf3 Qd1+ 37. Kf2 Qc2+ 38. Kg1 Be4 39. Ra8 Qd2 40. Qxf8+ Kh7
41. Qg8+ Kg6 42. Qxe6+ Kh7 43. Qg8+ Kg6 44. Ra6+ Kh5 45. Qf7+ g6 46. Qf2 Qxc3 47. Be2+ Kg5 48. Qf4#
1-0

[Event "French Robin #1"]
[Site "SchemingMind.com"]
[Date "2012.12.09"]
[Round "-"]
[White "kenneth m day"]
[Black "cnile"]
[Result "1-0"]
[WhiteCountry "USA"]
[BlackCountry "SCO"]
[WhiteElo "1794"]
[WhiteRD "51"]
[BlackElo "1483"]
[BlackRD "65"]
[GameID "322819"]

1. e4 e6 2. d4 d5 3. Nd2 Nf6 4. e5 Nfd7 5. Bd3 c5 6. c3 Nc6 7. Ne2 Qb6 8. Nf3 Be7 9. O-O cxd4 10. cxd4 f6
11. a3 fxe5 12. Nxe5 Ndxe5 13. dxe5 Nxe5 14. Bc2 O-O 15. Rb1 Bf6 16. Be3 Qd6 17. h3 Nc4 18. Bc1 Bd7 19. b3 Nxa3 20. Bxa3 Qxa3
21. Qd3 a6 22. Qxh7+ Kf7 23. Nf4 Qd6 24. Qh5+ Kg8 25. Bh7+ Kh8 26. Ng6#
1-0

[Event "French Robin #1"]
[Site "SchemingMind.com"]
[Date "2012.12.09"]
[Round "-"]
[White "Holty"]
[Black "cnile"]
[Result "1-0"]
[WhiteCountry "ENG"]
[BlackCountry "SCO"]
[WhiteElo "1675"]
[WhiteRD "55"]
[BlackElo "1483"]
[BlackRD "65"]
[GameID "322820"]

1. e4 e6 2. d4 d5 3. e5 c5 4. c3 Nc6 5. Nf3 Bd7 6. a3 Qb6 7. Be2 Nge7 8. dxc5 Qxc5 9. b4 Qb6 10. O-O Ng6
11. Be3 Qd8 12. c4 dxc4 13. Bxc4 Ncxe5 14. Nxe5 Nxe5 15. Bb3 Be7 16. Nd2 O-O 17. Re1 b6 18. Nc4 Nxc4 19. Bxc4 Rc8 20. Rc1 b5
21. Bd3 a6 22. Qg4 e5 23. Qe4 g6 24. Rxc8 Bxc8 25. Qxe5 Bf6 26. Qe4 Bf5 27. Qf3 Qxd3 28. g4 Qc3 29. gxf5 Qxa3 30. fxg6 fxg6
31. Qd5+ Kg7 32. Qd7+ Kg8 33. Bh6 Qc3 34. Qe6+ Kh8 35. Bxf8 Bd4 36. Qe8 Bxf2+ 37. Kxf2 Qd2+ 38. Re2 Qf4+ 39. Kg2 Qg4+ 40. Kf2 Qf4+
41. Ke1 Qc1+ 42. Kf2 Qf4+ 43. Kg2 Qg4+ 44. Kf1 Qf4+ 45. Rf2 Qc1+ 46. Qe1 Qc4+ 47. Kg1 Qg4+ 48. Kh1 Qg5 49. Qa1+ Kg8 50. Qg7#
1-0

[Event "French Robin #1"]
[Site "SchemingMind.com"]
[Date "2012.12.10"]
[Round "-"]
[White "Iucounu"]
[Black "cnile"]
[Result "0-1"]
[WhiteCountry "ENG"]
[BlackCountry "SCO"]
[WhiteElo "1400"]
[WhiteRD "52"]
[BlackElo "1516"]
[BlackRD "65"]
[GameID "322821"]

1. e4 e6 2. d4 d5 3. Nc3 Bb4 4. e5 c5 5. a3 Bxc3+ 6. bxc3 Ne7 7. Qg4 Qc7 8. Qxg7 Rg8 9. Qxh7 cxd4 10. Ne2 Nbc6
11. f4 Bd7 12. Qd3 Nf5 13. cxd4 Qa5+ 14. Bd2 Qb6 15. g3 Qb2 16. Qc3 Qb6 17. Bg2 Nfxd4 18. Nxd4 Nxd4 19. Bf1 Nf5 20. Bd3 Rc8
21. Qb3 Qc7 22. a4 Nd4 23. Qb2 Nf3+ 24. Kd1 Bc6 25. Be2 Nxd2 26. Kxd2 d4
0-1

[Event "French Robin #1"]
[Site "SchemingMind.com"]
[Date "2012.12.10"]
[Round "-"]
[White "jdyi87"]
[Black "cnile"]
[Result "1-0"]
[WhiteCountry "KOR"]
[BlackCountry "SCO"]
[WhiteElo "1759"]
[WhiteRD "104"]
[BlackElo "1516"]
[BlackRD "66"]
[GameID "322822"]

1. e4 e6 2. d4 d5 3. e5 c5 4. c3 Nc6 5. Nf3 Bd7 6. Be2 Qb6 7. O-O Nge7 8. dxc5 Qxc5 9. Be3 Qa5 10. Nbd2 Ng6
11. c4 dxc4 12. Nxc4 Qc7 13. Nd6+ Bxd6 14. exd6 Qa5 15. Bd2 Qd5 16. Bc3 O-O 17. Qxd5 exd5 18. Rad1 Be6 19. Nd4 Rfd8 20. Nxc6 bxc6
21. Bb4 Rac8 22. Ba6 Rb8 23. Ba5 Rd7 24. Rc1 Rxb2 25. Rxc6 Rxa2 26. Rb1 Rxa5 27. Rc8+ Nf8 28. Rxf8+ Kxf8 29. Rb8+ Rd8 30. Rxd8#
1-0